000 00936nam a2200277 i 4500
001 bg
003 BPK
005 20190725095254.0
008 980702s1995 pl a f |000 0 ruso
015 _aPB 1996/3681
020 _a8301119772
040 _aWA N
_cBPK
041 0 _arus
080 _a811.161.1
080 _a(076)
100 1 _aGranatowska, Halina
_d(1937-1999).
245 1 0 _aKak dela ? 1.
_n[Cz. 2],
_pZeszyt ćwiczeń /
_cHalina Granatowska, Irena Danecka.
260 _aWarszawa ;
_aWrocław :
_bWydaw. Naukowe PWN,
_c1995.
300 _a88 s. :
_bfot., rys. ;
_c29 cm.
650 4 _aJęzyk rosyjski
_xszkoły średnie.
655 4 _aĆwiczenia i zadania dla szkół średnich.
700 1 _aDanecka, Irena.
710 2 _aWydawnictwo Naukowe PWN
_4pbl.
856 _uhttp://koha.tu.koszalin.pl/cgi-bin/koha/opac-detail.pl?biblionumber=6962
_yKatalog online BPK
942 _2UKD
_cKS
999 _c6962
_d6962